Statistiken für Weltführer #2

Klicken Sie hier um das Quiz zu spielen!

Allgemein

  • Dieses Quiz wurde 95 mal gespielt
  • Das Durchschnittsergebnis liegt bei 8 aus 14

Antwortstatistiken

Leader de la. ..Land% Korrekt
Wladimir PutinRussland
99%
Gerhard SchröderDeutschland
96%
François MitterrandFrankreich
87%
James A. GarfieldVereinigte Staaten
81%
John MajorVereinigtes Königreich
73%
Jitzchak RabinIsrael
70%
Ferdinand und IsabellaSpanien
65%
Mohamed MursiÄgypten
60%
Salvador AllendeChile
59%
Mahmud AhmadinedschadIran
49%
Manuel NoriegaPanama
36%
Marcelo Rebelo de SousaPortugal
36%
Kersti KaljulaidEstland
14%
Kwame NkrumahGhana
10%

Verteilung der Resultate

Perzentil nach korrekt beantworteten Fragen

Anzahl Personen mit jedem Resultat

Ihre Resultats-Entwicklung

Sie haben dieses Quiz noch nicht gespielt